000 00515nam a22001817a 4500
003 CEME
005 20210628210131.0
008 210215b xxu||||| |||| 00| 0 eng d
020 _a81-7635-332-9
040 _c.
082 _a005.3 CAS
100 _aCassel, Paul Palmer, Pamela
_978233
245 _aSams teach yourself microsoft access 2000 in 21 days
260 _aNEW DELHI
_bTECHMEDIA
_c1999
300 _aXVII,785P
650 _aMICROSOFT ACCESS 2000 ACCESS 2000 MS ACCESS 2000
_978234
942 _cBK
_2ddc
999 _c583388
_d583388